Statistics for When The Stars Go Blue Lyrics - One Tree Hill

Click here to take the quiz!

General Stats

  • This quiz has been taken 46 times
  • The average score is 165 of 193

Answer Stats

Answer% Correct
When
97%
a
97%
the
97%
stars
97%
go
97%
blue,
97%
blue.
97%
blue?
97%
when
97%
you,
92%
you
92%
Where
90%
where
90%
your
87%
do
87%
in
85%
Dancin'
82%
dancin'
82%
lonely?
79%
wedding
77%
evening
74%
follow
74%
I'll
74%
shoes,
74%
wooden
74%
gown.
74%
on
74%
are
72%
street,
72%
fell,
72%
you're
72%
now?
69%
7th
69%
happy
64%
with
64%
mouth,
59%
out
59%
pretty
59%
lullaby,
56%
yeah,
56%
yeah.
56%
Laughing
56%
laughing
56%
underground,
54%
broken
51%
little
51%
through
51%
marionette,
49%
eyes,
46%
lover's
46%
song,
28%

Score Distribution

Percentile by Number Answered

Percent of People with Each Score

Your Score History

You have not taken this quiz